امت مسلم اور جدید تہز یبی مسا یل / (Record no. 195344)

MARC details
000 -LEADER
fixed length control field 00714nam a22001937a 4500
005 - DATE AND TIME OF LATEST TRANSACTION
control field 20230321101844.0
010 ## - LCCN (DPL NO)
LC control number UR-11884
020 ## - INTERNATIONAL STANDARD BOOK NUMBER
Terms of availability 50.00
035 ## - SYSTEM CONTROL NUMBER
System control number U-10439
037 ## - SOURCE OF ACQUISITION
Source of stock number/acquisition DBAD/PUB
082 ## - DEWEY DECIMAL CLASSIFICATION NUMBER
Classification number 270
100 ## - MAIN ENTRY--PERSONAL NAME
Personal name ابو البیث اصلا حی ندوی
245 ## - TITLE STATEMENT
Title امت مسلم اور جدید تہز یبی مسا یل /
Statement of responsibility, etc ابو البیث اصلا حی ندوی
246 ## - VARYING FORM OF TITLE
Title proper/short title Ummate Muslema aur jadid tahzibi masael /
Remainder of title by Abul Lais Islahi Nadvi
260 ## - PUBLICATION, DISTRIBUTION, ETC. (IMPRINT)
Place of publication, distribution, etc New Delhi
Name of publisher, distributor, etc Markaz-e-Maktaba Islami Publishers
Date of publication, distribution, etc 2014 ء
270 ## - ADDRESS
Address D-307, Dawat Nagar, Abul Fazal Enclave, Jamia Nagar
City New Delhi
Postal code 110025
300 ## - PHYSICAL DESCRIPTION
Extent 80 ص
Dimensions 21cm(pbk)
942 ## - ADDED ENTRY ELEMENTS (KOHA)
Source of classification or shelving scheme Dewey Decimal Classification
Item type Urdu Bks
Classification part 270
Call number suffix ا ب و
Holdings
Withdrawn status Lost status Not for loan Collection code Home library Current library Date acquired Source of acquisition Cost, normal purchase price Full call number Barcode Copy number Cost, replacement price Koha item type
      Non-fiction Patel Nagar Patel Nagar 21/03/2023 DBAD/PUB 50.00 270 ا ب و U-10439 1 50.00 Urdu Bks

© Delhi Public Library
Hit Counter
free hit counter